00293pab a2200121 454500008004000000100001700040245004300057260000900100300001300109362001200122650001100134773002600145180718b2001 xxu||||| |||| 00| 0 eng d aJain, Mukesh aNew service delivery model of policing c2001 ap.85-94. aOct-Dec aPolice aIndian Police Journal